Hidroituango : desafíos y enseñanzas /

Bibliographic Details
Main Author: López Agudelo, José Hilario (Author)
Format: Electronic eBook
Language:Spanish
Published: Medellín : Ediciones UNAULA, [2021]
Edition:Primera edición
Series:CONtexto (Medellín, Colombia)
Subjects:
Online Access:Digitalia Hispánica

MARC

LEADER 00000nam a2200000Ii 4500
001 DIGUNAU0197
003 NyNyDIG
006 m o d
007 cr |||||||||||
008 230215s2021 ck a o 000 0 spa d
035 |a (OCoLC)1371185764 
040 |a DGITA  |b eng  |e rda  |e pn  |c DGITA 
020 |z 9789585495555 
043 |a s-ck--- 
050 1 4 |a HD9685.C73 ebook 
100 1 |a López Agudelo, José Hilario,  |e author. 
245 1 0 |a Hidroituango :  |b desafíos y enseñanzas /  |c José Hilario López Agudelo. 
250 |a Primera edición  
264 1 |a Medellín :  |b Ediciones UNAULA,  |c [2021] 
300 |a 1 online resource :  |b illustrations. 
336 |a text  |b txt  |2 rdacontent 
337 |a computer  |b c  |2 rdamedia 
338 |a online resource  |b cr  |2 rdacarrier 
347 |a text file  |2 rdaft 
347 |b PDF 
490 1 |a Serie Contexto  
588 0 |a Online resource; title from PDF title page (Digitalia, viewed February 15, 2023) 
610 2 0 |a Proyecto Hidroeléctrico Hidroituango. 
650 0 |a Hydroelectric power plants  |z Colombia  |z Ituango. 
651 0 |a Cauca River (Colombia)  |x Power utilization. 
791 2 |a Digitalia (Firm),  |e distributor. 
793 0 |g Digitalia eBook Collection:  |a Ediciones UNAULA 
776 0 8 |i Print version:  |a López Agudelo, José Hilario.  |t Hidroituango.  |b Primera edición.  |d Medellín : Ediciones UNAULA, [2021]  |z 9789585495555 
830 0 |a CONtexto (Medellín, Colombia) 
856 4 0 |3 Digitalia Hispánica  |u https://www.digitaliapublishing.com/a/119353/ 
910 |a Premium collection: 2023